Statistics for Flags of Terrorist Groups

Click here to take the quiz!

General Stats

  • This quiz has been taken 245 times
  • The average score is 5 of 16

Answer Stats

Answer% Correct
Taliban
91%
Islamic State
83%
Hamas
71%
Ku Klux Klan
58%
FARC
44%
Tamil Tigers
40%
Khmer Rouge
37%
PKK
34%
Shining Path
25%
Grey Wolves
16%
Atomwaffen Division
14%
Lord's Resistance Army
11%
FLQ
8%
Symbionese Liberation Army
8%
Combat 18
4%
The Base
3%

Score Distribution

Percentile by Number Answered

Percent of People with Each Score

Your Score History

You have not taken this quiz